Capital asset pricing model and its applications in corporate finance

CAPM (Capital asset pricing model): technika determinujúca majetkové náklady korporácie. Indexový model určenia prémie z rizika na základe zahrnutia výhradne neočakávaných zmien v autoregresívnych modeloch časových radov v podniku.

Saved in:
Bibliographic Details
Main Author: Glova, Jozef
Format: Book Chapter
Language:English
Subjects:
Tags: Add Tag
No Tags, Be the first to tag this record!

MARC

LEADER 00000naa a2200000 4500
001 0196890
005 20220504114902.4
041 0 |a eng 
044 |a SK 
245 1 0 |a Capital asset pricing model and its applications in corporate finance  |c Jozef Glova 
520 |a CAPM (Capital asset pricing model): technika determinujúca majetkové náklady korporácie. Indexový model určenia prémie z rizika na základe zahrnutia výhradne neočakávaných zmien v autoregresívnych modeloch časových radov v podniku. 
610 2 0 |a modely cenové 
610 2 0 |a aktíva 
610 2 0 |a kapitál 
610 2 0 |a financie podnikové 
100 1 |a Glova, Jozef